Dược điển Việt Nam

সংরক্ষণ করুন:
গ্রন্থ-পঞ্জীর বিবরন
বিন্যাস: গ্রন্থ
ভাষা:Undetermined
প্রকাশিত: Sài Gòn Bộ Y Tế VNCH 1971
বিষয়গুলি:
ট্যাগগুলো: ট্যাগ যুক্ত করুন
কোনো ট্যাগ নেই, প্রথমজন হিসাবে ট্যাগ করুন!
Thư viện lưu trữ: Trung tâm Học liệu Trường Đại học Cần Thơ
LEADER 00454nam a2200169Ia 4500
001 CTU_26557
008 210402s9999 xx 000 0 und d
082 |a 615.03 
082 |b D557/T.1 
245 0 |a Dược điển Việt Nam 
260 |a Sài Gòn 
260 |b Bộ Y Tế VNCH 
260 |c 1971 
650 |a Pharmacology 
650 |x Terminology 
904 |i Minh, 981014 
980 |a Trung tâm Học liệu Trường Đại học Cần Thơ